Word Ladder: All About Who? Quiz Stats

 Plays Quiz Updated Sep 1, 2012

Support Sporcle.
Go Orange.
Score 0/16 Timer 02:00
0 Plays Today
Clue 5-Letter Answer % Correct
'Everybody ____ Chris', TV sitcomHATES
97.5%
Greek god of the underworldHADES
92%
Gestured goodbyeWAVED
88.4%
Mixed breed dogsMUTTS
86.6%
Cigarette remnantsBUTTS
86.5%
ProcreatesMATES
85.2%
Walked through waterWADED
84.8%
What they did to paradise, according to Joni MitchellPAVED
84.2%
Clue 5-Letter Answer % Correct
SilencesMUTES
83.7%
Green ornamental stonesJADES
79.2%
Tired or unenthusiasticJADED
74.6%
Isolated hill or a Montana cityBUTTE
70.3%
❇With final rung, star of 'All About Eve'❇♢BETTE♢
57.4%
Michelangelo's opusDAVID
57.2%
❇With first rung, star of 'All About Eve'❇♢DAVIS♢
55.8%
Timid or fearfulPAVID
50.7%

Today's Daily Dose

Word Ladder
ING Words

Get the Picture
Nearest Volcano

From the Vault

Where's My Border Gone? (Asia)

by SporcleEXP

I swear they were there a minute ago!
Remove Ads.
Support Sporcle.
Get the best of Sporcle when you Go Orange. This ad-free experience offers more features, more stats, and more fun while also helping to support Sporcle. Thank you for becoming a member.

Show Comments

Extras

Top Quizzes Today


Score Distribution

Your Account Isn't Verified!

In order to create a playlist on Sporcle, you need to verify the email address you used during registration. Go to your Sporcle Settings to finish the process.

Report this User

Report this user for behavior that violates our Community Guidelines.

Details: